Gran enciclopedia universal / (Registro nro. 14577)

Detalles MARC
000 -LIDER
fixed length control field 00972nam a2200277 4500
001 - NÚMERO DE CONTROL
Identificador de número de control bimo0001962316
003 - IDENTIFICACDOR DE NÚMERO DE CONTROL
control field DO-SdBNP
005 - DATE AND TIME OF LATEST TRANSACTION
control field 20240226121820.0
008 - ELEMENTOS DE LONGITUD FIJA
fixed length control field 040820s2004 sp | ||| ||spa
020 ## - ISBN
International Standard Book Number 8467013281
040 ## - FUENTE DE CATALOGACIÓN
Agencia que crea de manera original el registro BPMSU
Idioma de catalogación spa
Agencia que realiza la transcripción BPMSU
082 #4 - NÚMERO DE CLASIFICACIÓN DECIMAL DE DEWEY
Classification number R036.1
Item number G748e 2004
Edition number 22
245 00 - MENCIÓN DE TITULO
Título Gran enciclopedia universal /
Mención de responsabilidad director Antonio Merodio Cogolludo; Editora Marisa Javierre González
260 ## - PUBLICACIÓN, DISTRIBUCIÓN, ETC. (PIE DE IMPRENTA)
Lugar de publicación, distribución, etc Madrid, España :
Nombre del editor, distribuidor, etc. Espasa Calpe,
Fecha de publicación, distribución, etc 2004
300 ## - DESCRIPCIÓN FÍSICA
Extensión v :
Otros detalles físicos il.;
Dimensiones 23 cm
490 0# - MENCIÓN DE SERIES
Mención de serie Biblioteca el mundo,
Volume/sequential designation 29
505 0# - NOTA DE CONTENIDO
Texto normalizado de contenido v.17 : Suscribir-Vals -- v.18 : Valsar-Zirianos
534 ## - NOTA SOBRE LA VERSIÓN ORIGINAL
Asiento principal del original Título original :
Mención del título original Dictionary of beliefs and religions
590 ## - NOTA LOCAL
Enlace
Texto de la nota local Inventariado, 2024/VM
650 #4 - ENCABEZAMIENTO DE MATERIA--TEMÁTICO
Término temático o nombre geográfico como elemento de entrada Enciclopedias y diccionarios
Subdivisión de forma
Fuente del encabezamiento o término
700 1# - ASIENTO SECUNDARIO -- NOMBRE PERSONAL
Nombre personal Merodio Cogolludo, Antonio
Mención de responsabilidad director
700 1# - ASIENTO SECUNDARIO -- NOMBRE PERSONAL
Nombre personal Javierre González, Marisa
Mención de responsabilidad editora
710 2# - ASIENTO SECUNDARIO -- NOMBRE CORPORATIVO
Nombre corporativo o de jurisdicción Espasa Calpe
910 ## - VALIDACIÓN
Validación VMateo V. Control de calidad. BPMSU
942 ## - ADDED ENTRY ELEMENTS (KOHA)
Source of classification or shelving scheme Dewey Decimal Classification
Koha item type Libros
Existencias
Withdrawn status Lost status Source of classification or shelving scheme Damaged status Not for loan Collection code Home library Current library Date acquired Total Checkouts Full call number Barcode Date last seen Copy number Price effective from Koha item type
    Dewey Decimal Classification     Colección de Referencia General Biblioteca Pública Metropolitana Salomé Ureña Biblioteca Pública Metropolitana Salomé Ureña 02/26/2024   BPMSU CGR R036.1 G748e 2004 BPMSU24020381 02/26/2024 v.17 02/26/2024 Libros
    Dewey Decimal Classification     Colección de Referencia General Biblioteca Pública Metropolitana Salomé Ureña Biblioteca Pública Metropolitana Salomé Ureña 02/26/2024   BPMSU CGR R036.1 G748e 2004 BPMSU24020382 02/26/2024 v.18 02/26/2024 Libros